• 首页
  • 本馆介绍
  • 公告通知
  • 最新文献
  • 馆藏检索
  • 电子资源
  • 读者导购
  • 参考咨询
  • 我的图书馆
  • 登录
  • 详细信息显示
  • 放入我的书架
  • 预约/预借图书
  • 作者相关作品
  • 分类相关作品
  • 丛书相关作品
  • 出版社相关作品

书目信息

  • 表格格式
  • 工作单格式
  • 卡片格式
题名:
MATLAB 5.3应用指南
    
 
作者: 程卫国 , 冯峰 , 姚东 , 徐昕 编著
分册:  
出版信息: 北京   人民邮电出版社  1999.11
页数: 499页
开本: 26cm
丛书名:
单 册:
中图分类: O245
科图分类:
主题词: 计算数学
电子资源:
ISBN: 7-115-08268-5
000 00637nam0 2200229 45
001 0201221686
005 20031219104052.8
010    @a7-115-08268-5@dCNY47.00
100    @a20020122d1999 km y0chiy0120 ea
101 0  @achi
105    @a z 000yy
200 1  @aMATLAB 5.3应用指南@AMATLAB 5.3 Ying Yong Zhi Nan@f程卫国等编著@FCheng Wei Guo Deng Bian Zhu
210    @a北京@c人民邮电出版社@d1999.11
215    @a499页@d26cm
606 0  @a计算数学
690    @aO245@v4
701  0 @a程卫国@4编著
701  0 @a冯峰@4编著
701  0 @a姚东@4编著
701  0 @a徐昕@4编著
801    @aCN@bTSTC@c20020122
905    @b304229-233@dO245@e12@f5
    
    MATLAB 5.3应用指南/程卫国等编著.-北京:人民邮电出版社,1999.11
    499页;26cm
    
    
    ISBN 7-115-08268-5:CNY47.00
    
●
相关链接 在E读中查询图书 在五车中查询图书 在当当中查询图书 在豆瓣中查询图书


正题名:MATLAB 5.3应用指南     索取号:O245/12         预约/预借

序号 登录号 条形码 馆藏地/架位号 状态 备注
1 0304229   203042297   第三借阅区/ [索取号:O245/12] 在馆    
2 0304230   203042304   第三借阅区/ [索取号:O245/12] 在馆    
3 0304231   203042313   第三借阅区/ [索取号:O245/12] 在馆    
4 0304232   203042322   第三借阅区/ [索取号:O245/12] 在馆    
5 0304233   203042331   第二样本阅览室/ [索取号:O245/12] 在馆    
唐山师范学院图书馆 欢迎您!
大连网信软件有限公司© 版权所有